| 000 | 00829nam a22001937a 4500 | ||
|---|---|---|---|
| 005 | 20241211171422.0 | ||
| 010 | _aB-761414 | ||
| 020 |
_c300.00 _a9789395817288 |
||
| 035 | _aB-761414 | ||
| 037 | _bउपहार | ||
| 082 | _aक | ||
| 100 |
_aप्रकाश मनु _975035 |
||
| 245 |
_aखिलौनों की दावत / _cप्रकाश मनु |
||
| 260 |
_aनई दिल्ली _bसस्ता साहित्य मण्डल _c2023 |
||
| 270 |
_aएल-77, पहली मंजिल, कनॉट सर्कस _bनई दिल्ली _e110001 |
||
| 300 |
_a109पृ. _c25सेमी (अजिल्द) _bसचित्र |
||
| 942 |
_2ddc _cCH _hक _mप्रकाश |
||
| 999 |
_c207626 _d207626 |
||